书目信息 |
| 题名: |
化工原理课程设计
|
|
| 作者: | 贾绍义 , 柴诚敬 主编 | |
| 分册: | ||
| 出版信息: | 天津 天津大学出版社 2002.08 |
|
| 页数: | 220页 | |
| 开本: | 26cm | |
| 丛书名: | ||
| 单 册: | ||
| 中图分类: | TQ02 | |
| 科图分类: | ||
| 主题词: | 化工过程:物理过程 , 化工过程:物理化学过程 , 化工过程 | |
| 电子资源: | ||
| ISBN: | 7-5618-1632-4 | |
| 000 | 00816nam0 2200241 45 | |
| 001 | 0454711977 | |
| 005 | 2004051115114837 | |
| 010 | @a7-5618-1632-4@dCNY 20.00 | |
| 100 | @a20040511d2002 km y0chiy0120 ea | |
| 101 | 0 | @achi |
| 102 | @aCN@b120000 | |
| 200 | 1 | @a化工原理课程设计@AHua Gong Yuan Li Ke Cheng She Ji@e化工传递与单元操作课程设计@f贾绍义,柴诚敬主编@FJia Shao Yi,Chai Cheng Jing Zhu Bian |
| 210 | @a天津@c天津大学出版社@d2002.08 | |
| 215 | @a220页@d26cm | |
| 517 | @a化工传递与单元操作课程设计@AHua Gong Chuan Di Yu Dan Yuan Cao Zuo Ke Cheng She Ji | |
| 606 | 0 | @a化工过程:物理过程 |
| 606 | 0 | @a化工过程:物理化学过程 |
| 606 | 0 | @a化工过程 |
| 690 | @aTQ02@v3 | |
| 701 | 0 | @a贾绍义@AJia Shao Yi@4主编 |
| 701 | 0 | @a柴诚敬@AChai Cheng Jing@4主编 |
| 801 | 0 | @aCN@bPFT@c20040511 |
| 905 | @dTQ02@eJ2481 | |
| 化工原理课程设计:化工传递与单元操作课程设计/贾绍义,柴诚敬主编.-天津:天津大学出版社,2002.08 |
| 220页;26cm |
| ISBN 7-5618-1632-4:CNY 20.00 |
| ● |
| 相关链接 |
|
|
|
正题名:化工原理课程设计
索取号:TQ02/J2481
 
预约/预借
| 序号 | 登录号 | 条形码 | 馆藏地/架位号 | 状态 | 备注 |
| 1 | 393422 | 203934225 | 自科库501/501自科库 137排5列1层/ [索取号:TQ02/J2481] | 在馆 | |
| 2 | 393423 | 203934234 | 材料与化工学院资料室/ [索取号:TQ02/J2481] | 在馆 | |
| 3 | 393424 | 203934243 | 自科库501/501自科库 137排5列1层/ [索取号:TQ02/J2481] | 在馆 |